| 000 | 00710cab a2200217 4500 | ||
|---|---|---|---|
| 001 | WB3435-23 | ||
| 008 | 090401t1998 xxu||||| |||| 00| 0 eng d | ||
| 035 | _a(Sirsi) u88532 | ||
| 041 | _aeng | ||
| 245 | _aCounter attack at the village post office | ||
| 260 | _c1998 | ||
| 350 | _a0 | ||
| 490 |
_aDaily Telegraph _v17 September 1998, 19(1) |
||
| 520 | _aReports on how village shops and post offices are being rescued from closure and some are reopening despite the threat of fierce competition from supermarkets . Includes case studies. | ||
| 650 | _aPOST OFFICES | ||
| 650 | _aRURAL COMMUNITIES | ||
| 650 | _aVILLAGE SHOPS | ||
| 690 | _aECONOMIC AND SOCIAL | ||
| 942 | _n0 | ||
| 948 | _c17/09/1998 | ||
| 999 |
_c55947 _d55947 |
||